01033 2200361 4500001002100000005001500021035002000036007000300056040001600059100003300075245010200108250001100210300003700221020002200258041000800280082001000288084001600298090002100314264002900335336002100364337003000385338002300415650001000438850001000448008004100458500003300499700004800532504002500580990001500605990001500620990002100635990001500656INLIS00000000000480220260522023709 a0010-0122000434ta aSPBUPDbind0 aSamsul Munir AminePengarang1 aEnergi Dzikir :bMenentramkan Jiwa Meningkatkan Optimisme /cSamsul Munir Amin , Harianto Alfandi aCet. 1 axvi, 254 hal. :billus. ;c19 cm a978-979-9392-87-9 aind a2X5.4 a2X5.4 SAM e a808.3 VSE k 24-4 aJakarta :bAmzah,c2008. 2rdacontentateks 2rdamediaatanpa perantara 2rdacarrieravolume 4aAgama aPUPAD260522 0  aProfile Penulis, hlm 251-254 aPengarang ke-2, Harianto AlfandiePengarang abibliografi, hlm 247 a17004/2012 a17001/2012 a21525/BR/APBD/15 a17002/2012